000 00205 a2200097 4500
001 2856
100 _aBennett, H.S.
245 _aEngland from chaucer
260 _a
_bMethuen & Co
_c
090 _c2151
_d2151
942 _aNUST-CAE
_cM
_c12792
999 _c237929
_d237929